| 000 | 00649nam a2200229Ia 4500 | ||
|---|---|---|---|
| 999 |
_c47012 _d47012 |
||
| 001 | 13868 | ||
| 003 | GE_BSU | ||
| 005 | 20221124150201.0 | ||
| 008 | 181216s2005||||enk|||||||||||||| ||eng|| | ||
| 020 | _a0793828015x | ||
| 040 | _cGE_BSU | ||
| 041 | _aeng | ||
| 080 | _a636.7(035) M-81 | ||
| 100 |
_aMondshine, Marion G. _916046 |
||
| 245 | 2 |
_aA new owner's cuide to chihuahuas. _cMarion G.Mondshine. |
|
| 264 | _c2005. | ||
| 300 |
_a160 p; _b22 cm. |
||
| 300 | _bill. | ||
| 653 | _aA new owner's cuide to chihuahuas. | ||
| 653 | _aჩიუჰაუას ახალი მფლობელის რჩევები | ||
| 942 |
_cBK _2udc |
||